| 000 | 01055nam a22002897a 4500 | ||
|---|---|---|---|
| 001 | BR8904247 | ||
| 003 | BR-BrBNA | ||
| 005 | 20230928093304.0 | ||
| 007 | ta | ||
| 008 | 230509b bl.||||| |||| 00| 0 por d | ||
| 040 |
_aBR-BrBNA _bpor _cBiblioteca Nacional de Agricultura |
||
| 041 | _a(Por) | ||
| 072 |
_aK50 _b3240 _b3290 _b8915 |
||
| 090 | _ 3240 BR8904247 | ||
| 100 | 1 | _aHaselein, C.R. | |
| 110 | 1 |
_aUniversidade Federal de Vicosa, MG (Brasil) _0Tese (Magister Scientiae) |
|
| 245 | 1 | _aAnalise de parametros para a fabricacao de chapas de particulas aglomeradas de madeira de eucalipto (Eucalyptus grandis W. Hill ex Maiden)e embauba (Cecropia sp.) | |
| 260 | 3 |
_aVicosa, MG (Brasil): _c1989. |
|
| 300 | _a75 p. | ||
| 500 | _a26 illus.; 8 tables; Bibliography p. 65-70 (72 ref.); Summaries (Eng, Por). (*) Documento disponível na(o) Universidade Federal de Vicosa, MG (Brazil) | ||
| 650 | _aEUCALIPTO | ||
| 650 | _aIMBAUBA | ||
| 650 | _aMADEIRA | ||
| 650 | _aCHAPA DE PARTICULAS | ||
| 909 |
_a202309 _bLucia _c55 _dLucia Elande |
||
| 942 | _cBK | ||
| 999 |
_c44107 _d44107 |
||